• 首页
  • 本馆介绍
  • 公告通知
  • 最新文献
  • 馆藏检索
  • 电子资源
  • 读者导购
  • 参考咨询
  • 我的图书馆
  • 登录
  • 详细信息显示
  • 放入我的书架
  • 预约/预借图书
  • 作者相关作品
  • 分类相关作品
  • 丛书相关作品
  • 出版社相关作品

书目信息

  • 表格格式
  • 工作单格式
  • 卡片格式
题名:
微视频全图讲解空调器维修
    
 
作者: 韩雪涛 主编
分册:  
出版信息: 北京   电子工业出版社  2018
页数: x, 244页
开本: 26cm
丛书名: 微视频全图讲解系列
单 册:
中图分类: TM925.07
科图分类:
主题词: 空气调节器--Kong Qi Tiao Jie Qi--维修--图解
电子资源:
ISBN: 978-7-121-33529-7
000 01124nam 2200265 450
001 012001003896
005 20131106111832.0
010    @a978-7-121-33529-7@dCNY69.80
099    @aCAL 012018118542
100    @a20180926d2018 em y0chiy50 ea
101 0  @achi
102    @aCN@b110000
105    @aa z 000yy
106    @ar
200 1  @a微视频全图讲解空调器维修@AWei Shi Pin Quan Tu Jiang Jie Kong Tiao Qi Wei Xiu@f韩雪涛主编
210    @a北京@c电子工业出版社@d2018
215    @ax, 244页@c图@d26cm
225 2  @a微视频全图讲解系列@AWei Shi Pin Quan Tu Jiang Jie Xi Lie
330    @a本书采用"全彩”+"全图”+"微视频”的全新讲解方式, 系统全面地介绍空调器维修的专业知识和应用技能, 打破传统纸质图书的学习模式, 将网络技术与多媒体技术引入纸质载体, 开创"微视频”互动学习的全新体验。读者可以在学习过程中, 通过扫描页面上的"二维码”即可打开相应知识技能的微视频, 配合图书轻松完成学习。
410  0 @12001 @a微视频全图讲解系列
606 0  @a空气调节器@AKong Qi Tiao Jie Qi@x维修@j图解
690    @aTM925.07@v5
701  0 @a韩雪涛@Ahan xue tao@4主编
801  0 @aCN@b上海新华@c20191020
905    @b1207045-7@dTM925.07@e167@f3
    
    微视频全图讲解空调器维修/韩雪涛主编.-北京:电子工业出版社,2018
    x, 244页:图;26cm.-(微视频全图讲解系列)
    
    
    ISBN 978-7-121-33529-7:CNY69.80
    本书采用"全彩”+"全图”+"微视频”的全新讲解方式, 系统全面地介绍空调器维修的专业知识和应用技能, 打破传统纸质图书的学习模式, 将网络技术与多媒体技术引入纸质载体, 开创"微视频”互动学习的全新体验。读者可以在学习过程中, 通过扫描页面上的"二维码”即可打开相应知识技能的微视频, 配合图书轻松完成学习。
●
相关链接 在E读中查询图书 在五车中查询图书 在当当中查询图书 在豆瓣中查询图书


正题名:微视频全图讲解空调器维修     索取号:TM925.07/167         预约/预借

序号 登录号 条形码 馆藏地/架位号 状态 备注
1 1207045   212070453   第二样本阅览室/ [索取号:TM925.07/167] 在馆    
2 1207046   212070462   第三借阅区/ [索取号:TM925.07/167] 在馆    
3 1207047   212070471   第三借阅区/ [索取号:TM925.07/167] 在馆    
唐山师范学院图书馆 欢迎您!
大连网信软件有限公司© 版权所有